Search the Library Catalogue
| 000 -LEADER | |
|---|---|
| fixed length control field | 00684nam a2200217Ia 4500 |
| 008 - FIXED-LENGTH DATA ELEMENTS--GENERAL INFORMATION | |
| fixed length control field | 191130s1957##################000#0#eng## |
| 020 ## - INTERNATIONAL STANDARD BOOK NUMBER | |
| ISBN | 9780691017044 |
| 082 ## - DEWEY DECIMAL CLASSIFICATION NUMBER | |
| Classification number | 321.6 KAN |
| 100 ## - MAIN ENTRY--AUTHOR NAME | |
| Personal name | Kantorowicz, Ernst Hartwig |
| 245 ## - TITLE STATEMENT | |
| Title | The king's two bodies; a study in mediaeval political theology |
| Statement of responsibility, etc | by Ernst H. Kantorowicz |
| 260 ## - PUBLICATION, DISTRIBUTION, ETC. (IMPRINT) | |
| Place of publication | Princeton, NJ |
| Name of publisher | Princeton University Press |
| Year of publication | 1957 |
| 300 ## - PHYSICAL DESCRIPTION | |
| Number of Pages | xvi, 568 p. illus. 25 cm |
| 500 ## - GENERAL NOTE | |
| General note | Bibliography: p. 517-530 |
| 650 ## - SUBJECT ADDED ENTRY--TOPICAL TERM | |
| Topical Term | Great Britain - Kings and rulers |
| Topical Term | Kings and rulers |
| 991 ## - | |
| -- | 196598 |
| Withdrawn status | Lost status | Damaged status | Not for loan | Home library | Current library | Shelving location | Date acquired | Full call number | Accession Number | Price effective from | Koha item type |
|---|---|---|---|---|---|---|---|---|---|---|---|
| Anna Centenary Library | Anna Centenary Library | 3RD FLOOR, B WING | 09.10.2020 | 321.6 KAN | 166068 | 09.10.2020 | English Books |